| Tag |
First Indicator |
Second Indicator |
Subfields |
| LEADER |
00000cam a2200000 a 4500 |
| 001 |
in00002781407 |
| 005 |
20220106085109.0 |
| 006 |
m d f |
| 007 |
cr bn||||||||| |
| 008 |
101107s1990 dcu o f000 0 eng c |
| 019 |
|
|
|a 657298804
|
| 035 |
|
|
|a (OCoLC)ocn679370497
|
| 040 |
|
|
|a OCLCE
|b eng
|c OCLCE
|d OCLCQ
|d GPO
|d MvI
|d UtOrBLW
|
| 042 |
|
|
|a pcc
|
| 043 |
|
|
|a n-us---
|
| 049 |
|
|
|a WWW
|
| 074 |
|
|
|a 1042-C (online)
|
| 086 |
0 |
|
|a Y 4.J 89/2:S.HRG.101-741
|
| 088 |
|
|
|a Serial no. J-101-23 (United States. Congress. Senate. Committee on the Judiciary)
|
| 110 |
1 |
|
|a United States.
|b Congress.
|b Senate.
|b Committee on the Judiciary.
|b Subcommittee on Immigration and Refugee Affairs.
|
| 245 |
1 |
0 |
|a Naturalization procedures :
|b hearing before the Subcommittee on Immigration and Refugee Affairs of the Committee on the Judiciary, United States Senate, One Hundred First Congress, first session on proposed legislation to modify immigration and naturalization requirements, June 15, 1989.
|
| 264 |
|
1 |
|a Washington :
|b Washington :
|b U.S. G.P.O.,
|c 1990.
|
| 300 |
|
|
|a 1 online resource (iii, 107 pages).
|
| 336 |
|
|
|a text
|b txt
|2 rdacontent
|
| 337 |
|
|
|a computer
|b c
|2 rdamedia
|
| 338 |
|
|
|a online resource
|b cr
|2 rdacarrier
|
| 490 |
1 |
|
|a S. hrg. ;
|v 101-741
|
| 500 |
|
|
|a Title from title screen (viewed on Sept. 17, 2012).
|
| 500 |
|
|
|a "Serial number J-101-23."
|
| 500 |
|
|
|a Electronic resource.
|
| 650 |
|
0 |
|a Naturalization
|z United States.
|
| 650 |
|
0 |
|a Emigration and immigration law
|z United States.
|
| 776 |
0 |
8 |
|i Print version:
|a United States. Congress. Senate. Committee on the Judiciary. Subcommittee on Immigration and Refugee Affairs.
|t Naturalization procedures.
|d Washington : U.S. G.P.O. : For sale by the Supt. of Docs., Congressional Sales Office, U.S. G.P.O., 1990
|w (DLC) 90601723
|w (OCoLC)22210910
|
| 810 |
1 |
|
|a United States.
|b Congress.
|b Senate.
|t S. hrg. ;
|v 101-741.
|
| 856 |
4 |
0 |
|u https://purl.fdlp.gov/GPO/gpo28007
|t 0
|
| 999 |
|
|
|a MARS
|
| 999 |
f |
f |
|s 76d54ed1-9ec6-3c9b-b57e-116e75ed4e2e
|i 5c8a0445-7544-31a2-9c9b-d08f7e268996
|t 0
|
| 952 |
f |
f |
|a Texas A&M University
|b College Station
|c Electronic Resources
|d Available Online
|t 0
|e Y 4.J 89/2:S.HRG.101-741
|h Superintendent of Documents classification
|
| 998 |
f |
f |
|a Y 4.J 89/2:S.HRG.101-741
|t 0
|l Available Online
|